| 000 | 00513cab a2200217 4500 | ||
|---|---|---|---|
| 001 | X99131 | ||
| 008 | 090401t1999 xxu||||| |||| 00| 0 eng d | ||
| 035 | _a(Sirsi) u93882 | ||
| 041 | _aeng | ||
| 245 | _aMedforth v Blake | ||
| 260 | _c1999 | ||
| 350 | _a0 | ||
| 490 |
_aNew Property Cases _v[1999] NPC 63(3) |
||
| 650 | _aDUTY OF CARE | ||
| 650 | _aMORTGAGES | ||
| 650 | _aREAL PROPERTY | ||
| 650 | _aRECEIVERSHIP | ||
| 690 | _aPROPERTY LAW AND PRACTICE-CASE LAW | ||
| 942 | _n0 | ||
| 948 | _c10/06/1999 | ||
| 999 |
_c59502 _d59502 |
||